书目信息 |
| 书名: | The peacock maiden | |
| 作者: | [illustrations by Cheng Shifa] | |
| 分册号: | ||
| 分册名: | 出版地: | Beijing : |
|
| 出版社: | Foreign Languages Pr | |
| 出版时间: | 1981. | |
| 页数: | 141 p. : | |
| 开本: | 21 cm. | |
| 丛书名: | Folk tales from China | |
| 中图分类号: | ||
| 科图分类号: | ||
| 其他分类号: | H319.4 | |
| 主题词: | ||
| 电子资源: | ||
| 000 | 00895nam 2200277 a 4500 | |
| 001 | E0732763010 | |
| 005 | 20070301090923.48 | |
| 008 | uu | |
| 020 | @cCNY1.35. | |
| 040 | @aCcBjTSG | |
| 041 | 1 | @aeng @hchi |
| 043 | @aa-cc--- | |
| 049 | @aN5LA | |
| 090 | @a2C/I276.3/PM/ 1981/////////////919392-94/ 3cop. | |
| 090 | @aH319.4 | |
| 096 | @aI276.3 @v2 | |
| 099 | @dH319.4@ex291=3 | |
| 245 | 04 | @aThe peacock maiden / @c[illustrations by Cheng Shifa] |
| 250 | @a3rd ed. | |
| 260 | @aBeijing :@bForeign Languages Pr.,@c1981. | |
| 300 | @a141 p. :@bill. ;@c21 cm. | |
| 440 | 0 | @aFolk tales from China. @n3rd ser |
| 650 | 0 | @aTales @zChina. |
| 650 | 0 | @aFolklore @zChina. |
| 700 | 1 | @aCheng, Shifa, @eill. @b00 @c20020930 @lNLC09 @h2246 @lNLC09 @h2303 @lNLC09 @h1854 @b40 @c20030602 @lNLC09 @h2025 @b40 @c20051120 @lNLC09 @h0728 |
| 852 | 9 | @bWWJC @cJ08S @k2C @hI276.3 @iPM/1981 |
| The peacock maiden / / [illustrations by Cheng Shifa].-3rd ed.-Beijing : : Foreign Languages Pr., , 1981. |
| 141 p. : : ill. ; ; 21 cm.- (Folk tales from China. 3rd ser ) |
| ISBN CNY1.35. |
| ● |
| 相关链接 |
|
|
|
|
正题名:peacock maiden
索取号:H319.4/x291=3
 
预约/预借
| 序号 | 登录号 | 条形码 | 馆藏地/架位号 | 状态 | 备注 |
| 1 | 128185 | 001426594 | 第四借阅区/ [索取号:H319.4/x291=3] | 在馆 | |
| 2 | 128186 | 001427520 | 第四借阅区/ [索取号:H319.4/x291=3] | 在馆 | |
| 3 | 128187 | 001427502 | 第二样本阅览室/ [索取号:H319.4/x291=3] | 在馆 |